[Event "World Junior U20 Girls 2018"]
[Site "Gebze"]
[Date "2018.09.11"]
[Round "7"]
[White "De Silva, Tenara"]
[Black "Dwilewicz, Katarzyna"]
[Result "1/2-1/2"]
[WhiteElo "1764"]
[BlackElo "2081"]
[Annotator "NA"]
[PlyCount "54"]
[EventDate "2018.09.05"]
[EventType "swiss"]
[EventCountry "TUR"]
[SourceTitle "playchess.com"]
[Source "ChessBase"]
[SourceQuality "1"]
[TimeControl "40/5400+30:1800+30"]

1. e4 {[%emt 0:00:30]} e5 {[%emt 0:00:30]} 2. Nf3 {[%emt 0:00:00]} Nc6 {[%emt 0:00:30]} 3. d4 {[%emt 0:00:00]} exd4 {[%emt 0:00:00]} 4. Nxd4 {[%emt 0:00:00]} Nf6 {[%emt 0:00:00]} 5. Nxc6 {[%emt 0:01:00]} bxc6 {[%emt 0:00:30]} 6. Bd3 {[%emt 0:00:30]} d5 {[%emt 0:00:30]} 7. Qe2 {[%emt 0:01:30]} dxe4 {[%emt 0:06:30] C45: Scotch Game} 8. Bxe4 {[%emt 0:01:30]} Nxe4 {[%emt 0:01:30]} 9. Qxe4+ {[%emt 0:00:30]} Qe7 {[%emt 0:03:30]} 10. Qxe7+ {[%emt 0:05:30]} Bxe7 {[%emt 0:00:30]} 11. Bf4 {[%emt 0:01:30]} Rb8 {[%emt 0:07:30]} (11... Bf5 12. Bxc7 Bxc2 13. Nc3 O-O 14. Rc1 Bf5 15. O-O {½-½ (43) Nepomniachtchi,I (2751)-Anand,V (2783) Saint Louis 2017}) 12. b3 {[%emt 0:12:30]} Bf6 $146 {[%emt 0:09:30]} ({Predecessor:} 12... Bf5 13. Nd2 Bb4 14. O-O-O Rb7 15. Nc4 {1-0 (31) Nielsen,N (2245)-Ochsner,T (2275) Denmark 1986}) 13. c3 {[%emt 0:00:30]} O-O {[%emt 0:01:30]} 14. O-O {[%emt 0:03:30]} Ba6 {[%emt 0:01:30]} 15. Rc1 {[%emt 0:03:30]} Rbd8 {[%emt 0:08:30]} 16. Nd2 {[%emt 0:19:30]} Rfe8 {[%emt 0:01:30]} 17. Nc4 {[%emt 0:06:30]} Rd3 {[%emt 0:09:30]} 18. Re1 {[%emt 0:08:30]} Rxe1+ {[%emt 0:09:30]} 19. Rxe1 {[%emt 0:00:30]} h6 {[%emt 0:00:30]} 20. Ne5 {[%emt 0:09:30]} Rxc3 {[%emt 0:01:30]} 21. Nd7 {[%emt 0:00:30]} Bd3 {[%emt 0:17:30]} 22. Re8+ {[%emt 0:00:00]} Kh7 {[%emt 0:00:05]} 23. Nf8+ {[%emt 0:00:00]} Kg8 {[%emt 0:00:08]} 24. Nd7+ {[%emt 0:00:30]} Kh7 {[%emt 0:00:31]} 25. Nf8+ {[%emt 0:00:30]} Kg8 {[%emt 0:00:30]} 26. Nd7+ {[%emt 0:00:00]} Kh7 {[%emt 0:00:00]} 27. Nf8+ {[%emt 0:00:00]} Kg8 $14 {[%emt 0:00:00]} 1/2-1/2

[Event "World Junior U20 Girls 2018"]
[Site "Gebze"]
[Date "2018.09.11"]
[Round "7"]
[White "Huttl, Sofie"]
[Black "Bail, Ellen Larissa"]
[Result "1-0"]
[WhiteElo "1727"]
[BlackElo "1832"]
[Annotator "NA"]
[PlyCount "107"]
[EventDate "2018.09.05"]
[EventType "swiss"]
[EventCountry "TUR"]
[SourceTitle "playchess.com"]
[Source "ChessBase"]
[SourceQuality "1"]
[TimeControl "40/5400+30:1800+30"]

1. e4 {[%emt 0:00:30]} c5 {[%emt 0:00:30]} 2. Nf3 {[%emt 0:00:00]} g6 {[%emt 0:00:30]} 3. d4 {[%emt 0:00:00]} cxd4 {[%emt 0:00:00]} 4. Nxd4 {[%emt 0:00:00]} Nc6 {[%emt 0:00:00]} 5. c4 {[%emt 0:01:00]} Bg7 {[%emt 0:01:30]} 6. Be3 {[%emt 0:00:30]} d6 {[%emt 0:02:30]} 7. Nc3 {[%emt 0:00:30]} Nf6 {[%emt 0:02:30]} 8. Be2 {[%emt 0:03:30]} O-O {[%emt 0:01:30]} 9. O-O {[%emt 0:00:30]} Bd7 {[%emt 0:07:30]} 10. Qd2 {[%emt 0:09:30]} Rc8 {[%emt 0:03:30]} 11. f3 {[%emt 0:08:30]} Nxd4 {[%emt 0:05:30] B38: Sicilian: Maroczy Bind with 5...Bg7 and 7...0-0} 12. Bxd4 {[%emt 0:00:30] LiveBook: 7 Games} Be6 {[%emt 0:00:30]} 13. Nd5 $146 {[%emt 0:01:30]} ({Predecessor:} 13. b3 Qa5 14. Rfd1 Rfd8 15. Bf1 a6 16. Kh1 Nh5 17. Ne2 Qxd2 18. Rxd2 Bxd4 19. Nxd4 {½-½ (113) Gritsak,O (2497)-Kyc,J (2210) Krakow 2017}) 13... Bxd5 {[%emt 0:17:30]} 14. cxd5 {[%emt 0:01:30]} Nd7 {[%emt 0:03:30]} 15. Bxg7 {[%emt 0:05:30]} Kxg7 {[%emt 0:00:30]} 16. Qd4+ {[%emt 0:00:30]} Kg8 {[%emt 0:00:30]} 17. Rac1 {[%emt 0:11:30]} Qb6 {[%emt 0:02:30]} 18. Qxb6 {[%emt 0:00:30]} Nxb6 {[%emt 0:00:00]} 19. b3 {[%emt 0:06:30]} Rxc1 {[%emt 0:09:00]} 20. Rxc1 {[%emt 0:00:30]} Rc8 {[%emt 0:00:30]} 21. Rxc8+ {[%emt 0:00:30]} Nxc8 {[%emt 0:00:30]} 22. Kf2 {[%emt 0:00:30]} g5 {[%emt 0:00:30]} 23. Ke3 {[%emt 0:00:30]} Kg7 {[%emt 0:00:30]} 24. g3 {[%emt 0:07:30]} Nb6 $11 {[%emt 0:22:53]} 25. Kd4 {[%emt 0:04:30]} Nd7 {[%emt 0:03:35]} 26. f4 {[%emt 0:02:30]} gxf4 {[%emt 0:05:11]} 27. gxf4 {[%emt 0:00:00]} f6 {[%emt 0:04:10]} 28. b4 {[%emt 0:07:00]} Nf8 {[%emt 0:01:08]} 29. Bg4 {[%emt 0:07:30]} Ng6 {[%emt 0:01:41]} 30. Ke3 {[%emt 0:01:30]} Kf7 {[%emt 0:01:12]} 31. Bc8 {[%emt 0:00:45]} b6 {[%emt 0:00:13]} 32. a4 {[%emt 0:00:52]} Ke8 {[%emt 0:00:30]} 33. Bf5 {[%emt 0:02:43]} Kd8 {[%emt 0:03:08]} 34. Bxg6 {[%emt 0:03:15]} hxg6 {[%emt 0:00:06]} 35. h4 {[%emt 0:07:29]} Ke8 {[%emt 0:00:11]} 36. Kf3 {[%emt 0:04:07]} Kf7 {[%emt 0:00:20]} 37. Kg4 {[%emt 0:00:00]} Kg7 {[%emt 0:00:22]} 38. f5 {[%emt 0:03:22]} g5 {[%emt 0:02:23]} 39. hxg5 {[%emt 0:00:30]} fxg5 {[%emt 0:00:30]} 40. Kxg5 {[%emt 0:00:00]} a6 {[%emt 0:00:00]} 41. Kg4 {[%emt 0:02:27]} Kf7 {[%emt 0:01:27]} 42. b5 {[%emt 0:00:30]} a5 {[%emt 0:00:00]} 43. Kf3 {[%emt 0:01:30]} Kg7 {[%emt 0:00:00]} 44. Kf4 {[%emt 0:06:30]} Kf6 {[%emt 0:08:30]} 45. e5+ {[%emt 0:01:30]} Kg7 {[%emt 0:03:30]} 46. exd6 {[%emt 0:07:52]} exd6 {[%emt 0:00:30]} 47. Kg5 {[%emt 0:00:01]} Kf7 {[%emt 0:00:30]} 48. f6 {[%emt 0:00:11]} Kf8 {[%emt 0:00:00]} 49. f7 {[%emt 0:00:52]} Kxf7 {[%emt 0:00:00]} 50. Kf5 {[%emt 0:00:00]} Ke7 {[%emt 0:00:30]} 51. Kg6 {[%emt 0:00:02]} Ke8 {[%emt 0:00:30]} 52. Kf6 {[%emt 0:00:18]} Kd7 {[%emt 0:01:30]} 53. Kf7 {[%emt 0:00:30]} Kd8 {[%emt 0:00:30]} 54. Ke6 {[%emt 0:00:00]} 1-0